01264nam a2200325 a 4500001001200000003000800012006001900020007001500039008004100054020001800095020001800113020001500131040002100146035002100167050002400188100003200212245008000244260005200324300001900376490006400395504005100459533015200510650001400662650001900676655002900695710001700724830005400741856012600795999001700921ebr10236801CaPaEBRm u cr cn|||||||||080903s2002 enka sb 001 0 eng d z9781859573617 z9781859574294 z1859573614 aCaPaEBRcCaPaEBR a(OCoLC)56057717014aTP1120b.C76 2002eb1 aCross, Graham Harry,d1964-10aPolymers in telecommunication devicesh[electronic resource] /cG.H. Cross. aShawbury, U.K. :bRapra Technology Ltd.,c2002. a148 p. :bill.1 aRapra review report. Report 153,x0889-3144 ;vv. 13, no. 9 aIncludes bibliographical references and index. aElectronic reproduction.bPalo Alto, Calif. :cebrary,d2011.nAvailable via World Wide Web.nAccess may be limited to ebrary affiliated libraries. 0aPlastics. 0aCommunication. 7aElectronic books.2local2 aebrary, Inc. 0aRapra review report.nReport 153 ;vv. 13, no. 9.40uhttp://site.ebrary.com/lib/rucke/Doc?id=10236801zAn electronic book accessible through the World Wide Web; click to view c37080d37080